00618nam a2200169 i 450000100060000000300090000600500170001500700030003200800410003510000270007624501060010326000720020930000210028160000450030265100780034785200230042554861ES-MaACL20251201163835.0t|040120s1837 sp ||||1| spa d0 aDiego de Noche cseud.10aPlaceme de Don Diego de Noche al Excmo. Sr. D. José María Calatrava, con motivo de su enfermedad. aMadrid : b[s.n.], c1837 (fImp. de la Compañía Tipográfica) a31 p. ; c18 cm.17aCalatrava, José María, d1781-18462 4aEspaña-xHistoria-z1833-1840, Regencia de María Cristina de Borbón4 aES-MaACLjT-23-F-3